AH International Schools' Libraries

Baby buffalo Pong Pang (KHMER) / (Record no. 48869)

MARC details
000 -LEADER
fixed length control field 00339nam a2200121 4500
020 ## - INTERNATIONAL STANDARD BOOK NUMBER
International Standard Book Number 9789924350408
100 ## - MAIN ENTRY--PERSONAL NAME
Personal name Kong, Sokkeng
9 (RLIN) 86237
245 ## - TITLE STATEMENT
Title Baby buffalo Pong Pang (KHMER) /
Statement of responsibility, etc Sokkeng Kong
260 ## - PUBLICATION, DISTRIBUTION, ETC. (IMPRINT)
Place of publication, distribution, etc Cambodia
Name of publisher, distributor, etc S.J. Metta Karuna
Date of publication, distribution, etc 2022
300 ## - PHYSICAL DESCRIPTION
Extent 22 p.
Other physical details col. ill.
Dimensions 23 cm.
650 ## - SUBJECT ADDED ENTRY--TOPICAL TERM
Topical term or geographic name as entry element Khmer Fiction
9 (RLIN) 80279
942 ## - ADDED ENTRY ELEMENTS (KOHA)
Source of classification or shelving scheme
Koha item type Book
Holdings
Withdrawn status Lost status Source of classification or shelving scheme Damaged status Not for loan Collection code Home library Current library Date acquired Total Checkouts Full call number Barcode Date last seen Date checked out Price effective from Koha item type
          Siem Riep Asian Hope Primary Library Asian Hope Primary Library 04/25/2025 9 KHMER E KON 206731 03/13/2026 03/04/2026 04/25/2025 Book
          Siem Riep Asian Hope Primary Library Asian Hope Primary Library 04/28/2025 3 KHMER E KON 207840 04/29/2026 04/08/2026 04/28/2025 Book

For any Logos Library related questions please contact Miss Art at swongnarasuk@asianhope.org.

For any Asian Hope Library related questions please contact Miss Raza at graza@asianhope.org.

Powered by Koha